000 00299nam a2200133Ia 4500
100 _aCurrid C.C & gillett C.A
942 _cBK
654 _anetware
245 _aMastering novell netware
260 _bTECHNICAL PUBLICATIONS
_aSingapore
_c1989
300 _a419
546 _aENGLISH
999 _c18460
_d18460